Les 100 meilleurs clubs de football selon l'indice UEFA en 2025 - Statistiques

Statistiques générales
  • Ce quiz a été pris 234 fois
    139 depuis la dernière actualisation
  • Le résultat moyen est 56 sur 100
Statistiques - réponses
Hint Réponse % Correct
🇪🇸 Real Madrid
100%
🇫🇷 Paris Saint-Germain
98%
🇩🇪 Bayer Leverkusen
97%
🇮🇹 Inter Milan
96%
🏴󠁧󠁢󠁥󠁮󠁧󠁿 Manchester City
95%
🇩🇪 Borussia Dortmund
94%
🇪🇸 FC Barcelone
94%
🏴󠁧󠁢󠁥󠁮󠁧󠁿 Liverpool
94%
🏴󠁧󠁢󠁥󠁮󠁧󠁿 Manchester United
94%
🇮🇹 AC Milan
93%
🇩🇪 Bayern Munich
93%
🏴󠁧󠁢󠁥󠁮󠁧󠁿 Arsenal
92%
🇵🇹 FC Porto
92%
🇪🇸 Atletico Madrid
91%
🇵🇹 Benfica Lisbonne
91%
🏴󠁧󠁢󠁥󠁮󠁧󠁿 Chelsea
91%
🇮🇹 Juventus
91%
🇫🇷 Olympique de Marseille
87%
🇮🇹 AS Roma
85%
🇫🇷 Olympique Lyonnais
85%
🇳🇱 Ajax Amsterdam
82%
🇫🇷 LOSC Lille
82%
🇮🇹 Napoli
81%
🇩🇪 RB Leipzig
81%
🇫🇷 AS Monaco
80%
🇮🇹 Lazio Rome
80%
🇳🇱 PSV Eindhoven
79%
🇪🇸 FC Séville
78%
🇮🇹 Atalanta Bergame
77%
🏴󠁧󠁢󠁥󠁮󠁧󠁿 Tottenham
77%
🏴󠁧󠁢󠁥󠁮󠁧󠁿 Aston Villa
75%
🇪🇸 Athletic Club Bilbao
74%
🇵🇹 Sporting CP
74%
🇧🇪 Club Brugge
71%
🇪🇸 Villarreal
71%
🇳🇱 Feyenoord
68%
🇪🇸 Real Betis
68%
🇹🇷 Galatasaray
66%
🏴󠁧󠁢󠁥󠁮󠁧󠁿 West Ham
65%
🇫🇷 OGC Nice
64%
🇪🇸 Real Sociedad
64%
🏴󠁧󠁢󠁳󠁣󠁴󠁿 Celtic Glasgow
63%
🇮🇹 Fiorentina
63%
🇫🇷 Stade Rennais
63%
🏴󠁧󠁢󠁳󠁣󠁴󠁿 Glasgow Rangers
62%
🇨🇿 Sparta Prague
61%
🇩🇰 FC Copenhagen
60%
🏴󠁧󠁢󠁥󠁮󠁧󠁿 Leicester City
60%
🇨🇿 Slavia Prague
59%
🏴󠁧󠁢󠁥󠁮󠁧󠁿 Newcastle
58%
🇭🇷 GNK Dinamo
57%
🇵🇹 SC Braga
57%
🇬🇷 Olympiakos
56%
🇧🇪 Anderlecht
55%
🇦🇹 Salzburg
54%
🇹🇷 Fenerbahçe
52%
🇮🇹 FC Bologne 1909
49%
🇺🇦 Dynamo Kiev
46%
🇪🇸 Girona
46%
🇧🇪 KAA La Gantoise
46%
🇦🇹 SK Rapid Vienne
46%
🇨🇭 Young Boys
46%
🇷🇸 Étoile rouge de Belgrade
43%
🇷🇸 Partizan Belgrade
43%
🇨🇭 FC Bâle
42%
🇵🇱 Legia Varsovie
42%
🇧🇪 Union Saint Gilloise
42%
🇺🇦 Shakhtar Donetsk
41%
🇩🇪 Union Berlin
41%
🇮🇱 Maccabi Tel Aviv
40%
🏴󠁧󠁢󠁥󠁮󠁧󠁿 Brighton
39%
🇳🇴 FK Bodø/Glimt
39%
🇵🇹 Vitória Guimarães
36%
🇸🇰 Slovan Bratislava
34%
🇩🇪 Frankfurt
33%
🇷🇴 Steaua București
33%
🇳🇱 AZ Alkmaar
31%
🇮🇱 Maccabi Haifa
31%
🇭🇺 Ferencváros
28%
🇦🇿 Qarabağ
28%
🇬🇷 PAOK Salonique
27%
🇵🇱 Lech Poznań
22%
🇲🇩 Sheriff Tiraspol
22%
🇦🇹 Sturm Graz
22%
🇩🇪 TSG Hoffenheim
22%
🇷🇴 CFR Cluj
21%
🇳🇴 Molde FK
20%
🇹🇷 Başakşehir FK
19%
🇪🇸 Osasuna
19%
🇨🇿 Viktoria Plzeň
19%
🇧🇬 Ludogorets
18%
🇧🇪 Royal Antwerp
17%
🇩🇪 Freiburg
14%
🇩🇰 Midtjylland
12%
🇮🇪 Shamrock Rovers
12%
🇪🇸 Grenada
11%
🇦🇹 LASK
11%
🇨🇭 Lugano
8%
🇸🇮 Olimpija Ljubljana
6%
🇸🇪 Djurgårdens IF
2%
Aucun quiz correspondant
Distribution des résultats
% des personnes avec chaque résultat
Percentile par nombre de réponses
Votre historique - résultats
Vous n’avez pas pris ce quiz depuis la dernière actualisation